Cinema and society film and social change in Pakistan (Record no. 3452)

000 -LEADER
fixed length control field 00446nam a22001217a 4500
020 ## - INTERNATIONAL STANDARD BOOK NUMBER
International Standard Book Number 9780199402229
100 ## - MAIN ENTRY--PERSONAL NAME
Personal name Ali Khan and Ali Nobil Ahmad (Ed)
245 ## - TITLE STATEMENT
Title Cinema and society film and social change in Pakistan
260 ## - PUBLICATION, DISTRIBUTION, ETC.
Place of publication, distribution, etc. Karachi
Name of publisher, distributor, etc. Oxford university press
Date of publication, distribution, etc. 2016
300 ## - PHYSICAL DESCRIPTION
Extent 398p
942 ## - ADDED ENTRY ELEMENTS (KOHA)
Koha item type Book
Holdings
Withdrawn status Lost status Damaged status Not for loan Collection code Permanent Location Current Location Shelving location Date acquired Total Checkouts Full call number Barcode Date last seen Price effective from Koha item type
          Central Library (CL) Central Library (CL) General Stacks 06/24/2016   791.43095491 CIN S3H-S-797 09/13/2022 11/18/2016 Book
© 2023 Central Library, National University of Sciences and Technology. All Rights Reserved.